000 00681nam a2200277Ia 4500
005 20260324130048.0
008 008 260324s9999 xx 000 0 eng d
020 _a9780203926864
037 _aEBOOK
040 _aCRL
040 _beng
040 _cCRL
041 _2eng
041 _aeng
084 _qCRL
100 _aElly A. Konijn; Martin Tanis; Sonja Utz; Susan B. Barnes
_91180368
245 0 _aMediated Interpersonal Communication
260 _bTaylor and Francis
260 _c2008
365 _a
365 _b280
856 _uhttp://www.taylorfrancis.com/books/9780203926864
942 _cEBOOK
999 _c1776178
_d1776178